Note-Worthy Words II Quiz Stats

 Plays Quiz Updated Nov 28, 2011

Also try: Note-worthy Words
Challenge
Share
Tweet
Embed
Score 0/40 Timer 08:00
0 Plays Today
% Correct
Colorado
96%
Miami
93.3%
dodo
90.1%
avocado
87.8%
tsunami
87%
sofa
86.8%
tornado
80.4%
Nintendo
80.1%
Eeyore
79.9%
yeti
79.1%
confetti
78.5%
parasol
78.3%
umpire
78%
Louvre
77.7%
Quasimodo
75%
O'Hare
73.7%
Lysol
73.2%
Ursula
63.8%
Coppola
62.4%
alfalfa
58.6%
% Correct
Waldo
57.4%
Ronaldo
56.9%
Haiti
56%
Hoffa
50.7%
Buscemi
49.3%
ziti
45.5%
Angola
38%
Gasol
37.5%
Fermi
36.9%
canola
36.4%
aerosol
35.7%
swami
34.7%
Haifa
33.2%
Hokkaido
25%
Lahore
20.5%
kendo
20.3%
havarti
20%
Scylla
18.1%
Nuku'alofa
7.9%
girasol
1.9%

You're not logged in!

Compare scores with friends on all Sporcle quizzes.
OR
Log In

You Might Also Like...

Show Comments

Extras

Top Quizzes Today


Score Distribution

Your Account Isn't Verified!

In order to create a playlist on Sporcle, you need to verify the email address you used during registration. Go to your Sporcle Settings to finish the process.

Report this User

Report this user for behavior that violates our Community Guidelines.

Details: